000 00479nam a2200169 4500
001 122441
003 ES-MaACL
005 20231226211013.0
007 t|
008 070214s1971 sp r ||||1| spa d
100 1 _aPrimo de Rivera, José Antonio,
_d1903-1936
_9142533
245 1 0 _aBreve antología de José Antonio
_b: Libro azul.
260 _aMadrid :
_bUmbral,
_c1971.
300 _a121 p. ;
_c17 cm.
852 _aES-MaACL
_jC-40825
_bR.78993
999 _c122441
_d122441